| 000 -ლიდერი |
| ფიქსირებული სიგრძის საკონტროლო ველი |
01284nam a2200265Ia 4500 |
| 001 - საკონტროლო ნომერი |
| საკონტროლო ველი |
23822 |
| 003 - საკონტროლო ნომრის იდენტიფიკატორი |
| საკონტროლო ველი |
GE_BSU |
| 005 - ბოლო ოპერაციის თარიღი და დრო |
| საკონტროლო ველი |
20230330165217.0 |
| 008 - ფიქსირებული სიგრძის მონაცემთა ელემენტები - ზოგადი ინფორმაცია |
| ფიქსირებული სიგრძის საკონტროლო ველი |
181216s1976ge xx |||||||||||||| ||geo|| |
| 040 ## - კატალოგიზაციის წყარო |
| Transcribing agency |
GE_BSU |
| 041 ## - ენის კოდი |
| Language code of text/sound track or separate title |
geo |
| 080 ## - უნივერსალური ათობითი კლასიფიკაციის ინდექსი |
| Universal Decimal Classification number |
94(3)+ 821.14'01-32 ჰ-46 |
| 100 ## - მთავარი ჩანაწერი - პიროვნების სახელი |
| Personal name |
ჰეროდოტე |
| 9 (RLIN) |
16935 |
| 245 ## - ცნობა სათაურის შესახებ |
| Title |
ისტორია. |
| Remainder of title |
ტ.2 / |
| Statement of responsibility, etc |
ჰეროდოტე, ბერძნ. თარგმნა, წინასიტყვ. და საძიებელი დაურთო თ. ყაუხჩიშვილმა. რედ. ბ. ბრეგვაძე |
| 264 ## - წარმოების, გამოცემის, დისტრიბუციის და სხვა ცნობები |
| გამოცემის, წარმოების, დისტრიბუციის... ადგილი |
თბილისი : |
| გამოცემის, წარმოების, დისტრიბუციის... სახელწოდება |
თბილ. უნ-ტის გამ-ბა, |
| გამოცემის, წარმოების, დისტრიბუციის... თარიღი |
1975. |
| 300 ## - ფიზიკური აღწერა |
| Extent |
666 გვ.: |
| Other physical details |
22 სმ. |
| 501 ## - შენიშვნა თანმხლებ მასალაზე |
| With note |
საძიებ. გვ. 583-666 |
| 520 ## - SUMMARY, ETC. |
| Summary, etc |
პარალ. სათ. რუს. და ინგლ. ენ. |
| 653 ## - INDEX TERM--UNCONTROLLED |
| Uncontrolled term |
ისტორია. ტ.2 |
| 653 ## - INDEX TERM--UNCONTROLLED |
| Uncontrolled term |
ძველი ქვეყნების ისტორია; ბერძენ-სპარსელთა ომები |
| 700 ## - ADDED ENTRY--PERSONAL NAME |
| Personal name |
ყაუხჩიშვილი,თ |
| Relator term |
მთარგმნელი |
| 9 (RLIN) |
17389 |
| 700 ## - ADDED ENTRY--PERSONAL NAME |
| Personal name |
ბრეგვაძე, ბ |
| Relator term |
რედაქტორი |
| 9 (RLIN) |
15988 |
| 942 ## - ADDED ENTRY ELEMENTS (KOHA) |
| Koha item type |
წიგნი |
| Source of classification or shelving scheme |
|